000 00340nam a2200133Ia 4500
008 231129s1980||||xx |||||||||||||| ||spa||
040 _bspa
082 _a235.2092 V215p
100 _aValtierra Angel
245 0 _aPedro Claver : El santo redentor de los negros
260 _c1980
264 _aBanco de la República
942 _2ddc
_cBKS
999 _c22533
_d22533